Responses for show #4523 - Wednesday, April 14, 2004

Scott Renzoni game 5.

Contestants

Stan Brown, a high school history teacher from Macon, Georgia

Jennifer Borman, an education researcher from Cranston, Rhode Island

Scott Renzoni, a bartender and actor from Burlington, Vermont (whose 4-day cash winnings total $112,998)

Jeopardy! Round responses

BRITISH LIT
THE L.A. COLISEUM
WHAT'S THE ALTERNATIVE?
FORBES' FICTIONAL BILLIONAIRES
MAP HAPPY
"FIELD" OF DREAMS
    $200 1
Gulliver's Travels

Renzo
    $200 26
Green Bay Packers

Renzo
    $200 16
acupuncture & acupressure

Renzo
    $200 11
Santa Claus

Renzo
    $200 6
(Elizabeth: What is Greenland?)
(Renzo: What is Ecuador?)

South Africa

RenzoJenniferStan
    $200 21
fieldmouse

Stan
    $400 2
Through the Looking-Glass

Stan
    $400 27
Los Angeles Dodgers

Stan
    $400 17
aroma therapy

Renzo
    $400 12
C. Montgomery Burns

Renzo
    $400 7
Panama

Stan
    $400 22
field glasses

Stan
    $600 3
Pride and Prejudice

Renzo
    $600 28
Guns N' Roses

Renzo
    $600 18
macrobiotic

Jennifer
    $600 13
Willy Wonka

Renzo
    $600 8
Sri Lanka

Stan
    $600 23
field hockey

Stan
    $1,000 4
1984

Renzo
    $800 29
(Stan: What is UCLA?)

USC (Southern California)

JenniferStan
    $800 19
(Stan: What is crystal therapy?)

crystal healing

Stan
    $800 14
(Stan: Who is Mr. Howell?)

Thurston Howell III

Stan
    $800 9
Venezuela

Stan
    $800 24
field marshal

Stan
    $1000 5
A Tale of Two Cities

Stan
    $1000 30
Billy Graham

Stan
    $1000 20
self-hypnosis

Renzo
    $1000 15
(Stan: Who is Blofeld?)

Auric Goldfinger

RenzoStan
    $1000 10
(Alex: Hey, well done! You know your geography; it could get you into the Geography Bee in Washington, but you're much too old, unfortunately!)

Tunisia

Stan
    $1000 25
(Alex: With a minute to deal with the L.A. Coliseum.)

Bosworth Field

Stan

Scores at the first commercial break (after clue 15):

Renzo Jennifer Stan
$3,800 -$200 $4,200

Scores at the end of the Jeopardy! Round:

Renzo Jennifer Stan
$6,200 $1,200 $8,600

Double Jeopardy! Round responses

19th CENTURY AMERICA
LATINO STARS
FAIRBURY, NEBRASKA
2-DRINK MINIMUM
COLLEGES & UNIVERSITIES
B MINUS
(Alex: There are no "B"s in each correct response; keep that in mind, please.)
    $400 4
the Alamo

Renzo
    $400 26
Ricky Martin

Renzo
    $400 21
(Thomas) Jefferson

Renzo
    $400 1
(2 of 4) cherry, vanilla, lemon & lime

Renzo
    $400 11
University of Michigan

Stan
    $400 15
Olivia (from Bolivia)

Renzo
    $800 7
Robert E. Lee

Stan
    $800 27
Andy Garcia

Renzo
    $800 22
the Pony Express

Renzo
    $800 2
1% & 2%

Renzo
    $800 12
University of Kentucky

Renzo
    $800 16
ruins (from Bruins)

Triple Stumper
    $1200 8
(Renzo: What is Alcatraz?)

San Quentin

Renzo
Triple Stumper
    $1200 28
[The end-of-round signal sounds.]

Ricardo Montalban

Renzo
    $1200 23
Wild Bill Hickok

Stan
    $1200 3
sweet & dry

Stan
    $1200 13
Connecticut

Stan
    $1200 17
tries (from tribes)

Triple Stumper
    $1600 9
Nat Turner

Stan
    $1600 24
(Jennifer: What is the Wabash Cannonball?)
...
(Alex: We have less than a minute to go.)

the Rock Island Line

Jennifer
Triple Stumper
    $1600 5
bock & Hach

Triple Stumper
    $1600 14
Georgetown

Jennifer
    $1600 18
root (from robot)

Stan
    $2000 10
The Liberator

Stan
    $2,000 25
Ma Barker

Stan
    $2,500 6
English & Irish

Renzo
    $2000 20
Bryn Mawr

Stan
    $2000 19
tale (from table)

Stan

Scores at the end of the Double Jeopardy! Round:

Renzo Jennifer Stan
$13,900 $1,200 $24,600

[wagering suggestions for these scores]

Final Jeopardy! Round responses

BIBLICAL JOURNEYS
(Alex: You have to come up with 2 names.)
JenniferWhat are Jose
$0
RenzoWhat is Bethlehem?
$12,500
StanWhat Abraham were and Joseph
$3,201
Joseph & Egypt

Final scores:

Renzo Jennifer Stan
$1,400 $1,200 $21,399
2nd place: $2,000 3rd place: $1,000 New champion: $21,399

Game dynamics:

Coryat scores:

Renzo Jennifer Stan
$13,200 $1,200 $24,600
23 R
(including 2 DDs),
2 W
3 R,
2 W
27 R
(including 1 DD),
2 W

Combined Coryat: $39,000

The J! Archive is created by fans, for fans. The Jeopardy! game show and all elements thereof, including but not limited to copyright and trademark thereto, are the property of Jeopardy Productions, Inc. and are protected under law. This website is not affiliated with, sponsored by, or operated by Jeopardy Productions, Inc. Join the discussion at JBoard.tv.